| 000 | 00719nam a2200217Ia 4500 | ||
|---|---|---|---|
| 001 | 9976 | ||
| 003 | GE_BSU | ||
| 008 | 181216s||||||||xx |||||||||||||| ||und|| | ||
| 040 | _cGE_BSU | ||
| 080 | _a821.353.1–32 | ||
| 100 | _aჟღენტი,სულიკო | ||
| 245 | _aზღვისპირეთის საღამოები | ||
| 245 | _bმოთხრობები | ||
| 245 | _cრედ.ც.წუწუნავა.მხატვ.გ.ხოჯაშვილი | ||
| 260 | _aბათუმი | ||
| 260 | _bსახელგამი | ||
| 260 | _c1958 | ||
| 300 | _a228გვ.17სმ. | ||
| 653 | _aზღვისპირეთის საღამოები | ||
| 942 | _cBK | ||
| 999 |
_c43249 _d43249 |
||